000 00761nam a2200253Ia 4500
003 OSt
005 20220925203446.0
006 a|||||r|||| 00| 0
007 ta
008 220923b |||||||| |||| 00| 0 eng d
020 _c1290.49
037 _b051, 25/05/2006, Rajeshwar Books Pvt. Ltd.,
_cGeneral Book
040 _aRTL
_cRTL
_beng
041 _2eng
_aeng
082 _aY:1, P5
100 _aFeatherstone Simon
_9266113
245 0 _aPostcolonial cultures
260 _aEdinburgh
_bEdinburgh University Press
_c2005
300 _a260p
_ccm.
500 _aBibliography: P 233-51
650 _aSociology
942 _hY:1, P5
_cGB
_2CC
999 _c546555
_d546555